|
|
|
|
| LEADER |
01000nam a2200313 4500 |
| 001 |
DLU110129659 |
| 005 |
##20111223 |
| 040 |
# |
# |
|a DLU
|b eng
|
| 041 |
# |
# |
|a eng
|
| 044 |
# |
# |
|a us
|
| 100 |
# |
# |
|a Hart, William E.
|
| 245 |
# |
# |
|a Review of sensor placement strategies for contamination warning systems in drinking water distribution systems /
|c William E. Hart, Regan Murray.
|
| 653 |
# |
# |
|a Drinking water
|
| 653 |
# |
# |
|a Optimization
|
| 653 |
# |
# |
|a Probe instruments
|
| 653 |
# |
# |
|a Security
|
| 653 |
# |
# |
|a Water distribution systems
|
| 653 |
# |
# |
|a Water pollution
|
| 700 |
# |
# |
|a Murray, Regan.
|
| 773 |
# |
# |
|t Journal of Water Resources Planning and Management
|g Vol. 136, no. 6 (November/December 2010), p. 611-619
|
| 920 |
# |
# |
|a Phòng Tạp chí -- Trung tâm Thông tin - Thư viện Trường Đại học Đà Lạt
|
| 994 |
# |
# |
|a DLU
|
| 900 |
# |
# |
|a True
|
| 911 |
# |
# |
|a Trương Bảo Trâm Anh
|
| 925 |
# |
# |
|a G
|
| 926 |
# |
# |
|a A
|
| 927 |
# |
# |
|a BB
|
| 980 |
# |
# |
|a Thư viện Trường Đại học Đà Lạt
|